Caricamento...
Butcher's Copy-editing
| Autore principale: | |
|---|---|
| Altri autori: | |
| Natura: | Printed Book |
| Lingua: | Undetermined |
| Pubblicazione: |
Cambridge university press,
2011
|
| Edizione: | 4 ed. |
| Soggetti: |
| LEADER | 00535nam a2200169Ia 4500 | ||
|---|---|---|---|
| 008 | 200324s9999 xx 000 0 und d | ||
| 082 | |a 808.027BUR-B | ||
| 100 | |a Butcher,Judith | ||
| 245 | 0 | |a Butcher's Copy-editing | |
| 250 | |a 4 ed. | ||
| 260 | |b Cambridge university press, |c 2011 | ||
| 300 | |a 543p. | ||
| 650 | |a copy reading --handbooks--manual | ||
| 700 | |a et al | ||
| 942 | |c BK | ||
| 999 | |c 288002 |d 288002 | ||
| 952 | |0 0 |1 0 |4 0 |6 808_000000000000000_027BURB |7 0 |9 306538 |a SDE |b SDE |d 2018-10-04 |l 0 |o 808.027BUR-B |p SDE23998 |r 2020-03-27 |w 2020-03-27 |y BK | ||